1766 1743 1579 1380 1653 1774 1864 1791 1289 1229 1172 1115 1044 1991 1305 1470 1523 1798 1591 1519 1425 1667 1448 1335 1907 1029 1656 1986 1606 1342 1934 1983 1024 1557 1960 1860 1370 1674 1985 1555 1573 1970 1729 1929 1932 1246 1083 1322 1009 1725 1956 1354 1110 1143 1035 1986 1282 1837 1911 1346 1036 1708 1821 1228 1910 1800 1538 1191 1180 1743 1033 1824 1684 1326 1425 1437 1264 1581 1175 1916 1764 1950 1869 1949 1475 1265 1420 1824 1749 1698 1823 1635 1280 1171 1026 1539 1802 1090 1630 BCNSPRNW ULIB Ver.6.0+V

เปลี่ยนเป็นภาษาไทย

Change to English
 แสดงรายละเอียดบรรณานุกรม
  กลับหน้าหลัก

Brief Record : Get Marc (ISO 2709) : E-mail record : QR code < ปิดหน้าต่าง
LEADER : 00000nam 2200000uu 4500
001    13399107653
003     ULIB
008    100901s2553th 000 0 tha d
020    9789744225580
040    brv
060 04 WK810^bร924บ 2553
245 00 โรคเบาหวาน =^bCases approach for diabetes mellitusmanagement /^cบรรณาธิการ วีระศักดิ์ ศรินนภากร ... [และคนอื่นๆ]
246 31 Cases approach for diabetes mellitus management
250    พิมพ์ครั้งที่ 1
260    กรุงเทพฯ :^bงานต่อมไร้ท่อ กลุ่มงานอายุรศาสตร์คณะแพทยศาสตร์ มหาวิทยาลัยรังสิต,^c2553
300    ก-ฏ, 298 หน้า :^bภาพประกอบ ;^c26 ซม.
650  7 เบาหวาน^xการรักษา
650  7 เบาหวาน^xการวินิจฉัย
650  7 เบาหวาน^xผู้ป่วย^xการดูแล
650  7 เบาหวาน^xภาวะแทรกซ้อน
700 0  วีระศักดิ์ ศรินนภากร,^eบรรณาธิการ
710 2  มหาวิทยาลัยรังสิต.^bคณะแพทยศาสตร์.^bกลุ่มงานอายุรศาสตร์.^bงานต่อมไร้ท่อ
945    ^p350^l0^i028481
945    ^p350^l0^i028480
945    ^p350^l0^i028484
945    ^p350^l0^i028482
945    ^p350^l0^i029336
945    ^p350^l0^i029337
945    ^p350^l0^i029338
945    ^p350^l0^i028479
945    ^p350^l0^i028485
945    ^p350^l0^i028483
995    เกษร
999 ^a ใช้งานได้ทุกระบบ
รายการนี้ยังไม่มีแท็ก
คุณยังไม่ได้ล็อกอิน คุณสามารถมีกิจกรรมร่วมกับเว็บไซต์ได้ แต่ต้องล็อกอินก่อน ::
  ล็อกอิน

รายการสื่อสารสนเทศ

ลำดับที่ ประเภท เลขเรียก/บาร์โค้ด สถานที่ สถานะ
1. วิทยาศาสตร์การแพทย์ และสุขภาพ
หนังสือสำรอง
สถานะ=หนังสือสำรอง
WK810 ร924บ 2553 ฉ.1 
  Barcode: 028479
ห้องสมุดวิทยาเขตสวรรค์ประชารักษ์
►ส่วนจัดเก็บหนังสือเก่า สปร
บนชั้น
  ขอยืม
2. วิทยาศาสตร์การแพทย์ และสุขภาพ
วิทยาศาสตร์การแพทย์ และสุขภาพ
WK810 ร924บ 2553 ฉ.10 
  Barcode: 029338
ห้องสมุดวิทยาเขตสวรรค์ประชารักษ์
►ส่วนจัดเก็บหนังสือเก่า สปร
บนชั้น
  ขอยืม
3. วิทยาศาสตร์การแพทย์ และสุขภาพ
วิทยาศาสตร์การแพทย์ และสุขภาพ
WK810 ร924บ 2553 ฉ.2 
  Barcode: 028480
ห้องสมุดวิทยาเขตสวรรค์ประชารักษ์
►ส่วนจัดเก็บหนังสือเก่า สปร
บนชั้น
  ขอยืม
4. วิทยาศาสตร์การแพทย์ และสุขภาพ
วิทยาศาสตร์การแพทย์ และสุขภาพ
WK810 ร924บ 2553 ฉ.3 
  Barcode: 028481
ห้องสมุดวิทยาเขตสวรรค์ประชารักษ์
►ส่วนจัดเก็บหนังสือเก่า สปร
บนชั้น
  ขอยืม
5. วิทยาศาสตร์การแพทย์ และสุขภาพ
วิทยาศาสตร์การแพทย์ และสุขภาพ
WK810 ร924บ 2553 ฉ.4 
  Barcode: 028482
ห้องสมุดวิทยาเขตสวรรค์ประชารักษ์
►ส่วนจัดเก็บหนังสือเก่า สปร
บนชั้น
  ขอยืม
6. วิทยาศาสตร์การแพทย์ และสุขภาพ
วิทยาศาสตร์การแพทย์ และสุขภาพ
WK810 ร924บ 2553 ฉ.7 
  Barcode: 028485
ห้องสมุดวิทยาเขตสวรรค์ประชารักษ์
►ส่วนจัดเก็บหนังสือเก่า สปร
บนชั้น
  ขอยืม
7. วิทยาศาสตร์การแพทย์ และสุขภาพ
วิทยาศาสตร์การแพทย์ และสุขภาพ
WK810 ร924บ 2553 ฉ.8 
  Barcode: 029336
ห้องสมุดวิทยาเขตสวรรค์ประชารักษ์
►ส่วนจัดเก็บหนังสือเก่า สปร
บนชั้น
  ขอยืม

รายการใกล้เคียง
    หัวเรื่อง [เบาหวาน การรักษา]
    หัวเรื่อง [เบาหวาน การวินิจฉัย]

BibComment


ยังไม่เคยถูกคอมเมนท์

คอมเมนท์ทรัพยากรรายการนี้
  คอมเมนท์: โรคเบาหวาน Cases..


 Copyright 2026. Bcnsprnw @Library